00520nam a2200217Ia 4500008004100000020001800041050001400059100001800073245001700091245001300108245004700121260001500168260001600183260000900199300001500208300002700223300001000250440002700260440000700287500000800294170918s9999 xx 000 0 und d a9780439560504 bC237 2003 aCapecci, Anne aFood chain : bfrenzy / cAnne Capecci ; illustrated by John Speirs. aNew York : bScholastic, c2003 a91 pages : bcolored illustration ; c19cm. aThe magic school bus ; v17 a610